[Event "Titled Tuesday intern op 14th May Early"]
[Site "Chess.com INT"]
[Date "2024.05.14"]
[Round "6"]
[White "Lacey, Patrick"]
[Black "Rodrigues, Afonso"]
[Result "1-0"]
[WhiteElo "2184"]
[BlackElo "2085"]
[PlyCount "133"]
[EventDate "2024.05.14"]
[EventType "swiss (blitz)"]
[EventRounds "11"]
[EventCountry "USA"]
[SourceTitle "EXT 2025"]
[Source "ChessBase"]
[SourceDate "2024.10.14"]
[SourceVersion "1"]
[SourceVersionDate "2024.10.14"]
[SourceQuality "1"]

1. c4 e5 2. Nc3 d6 3. g3 Nc6 4. Bg2 Be6 5. d3 Qd7 6. h4 g6 7. Nf3 h6 8. Bd2 Bg7 9. Nd5 Nd8 10. Qc1 c6 11. Nc3 Ne7 12. h5 g5 13. Rb1 f5 14. b4 f4 15. Ne4 0-0 16. b5 Rc8 17. bxc6 Ndxc6 18. Qa3 Nf5 19. g4 Nfd4 20. Qxd6 Bxg4 21. Qxd7 Bxd7 22. Rxb7 Bg4 23. Nxd4 Nxd4 24. Bc3 f3 25. exf3 Nxf3+ 26. Bxf3 Bxf3 27. Rg1 Bxe4 28. dxe4 Rxc4 29. Rg3 Rxe4+ 30. Kf1 Ra4 31. Bb4 Rf4 32. a3 a5 33. Bd6 Rad4 34. Be7 e4 35. Rgb3 Rd2 36. Bc5 Rd3 37. R3b5 e3 38. Ke2 Rd2+ 39. Kxe3 Rdxf2 40. Rd7 R2f3+ 41. Ke2 Rh3 42. Rb8+ Bf8 43. Rdd8 Rhf3 44. Bd6 Rf6 45. Bc5 R3f5 46. Be7 Re6+ 47. Kd3 Rxe7 48. Ra8 Ref7 49. Rd6 R5f6 50. Rdd8 g4 51. Rd4 Rf3+ 52. Ke2 R3f4 53. Rd5 g3 54. Rd6 g2 55. Rg6+ Kh8 56. Rxg2 Re4+ 57. Kd3 Re5 58. Rg6 Rxh5 59. Re6 Rff5 60. Rea6 Rf3+ 61. Ke4 Rxa3 62. Rxf8+ Kg7 63. Rb8 Rh4+ 64. Ke5 Re3+ 65. Kd5 Rg3 66. Rb7+ Kg8 67. Ra8# 1-0

[Event "Titled Tuesday intern op 14th May Early"]
[Site "Chess.com INT"]
[Date "2024.05.14"]
[Round "2"]
[White "Vedder, Richard"]
[Black "Rodrigues, Afonso"]
[Result "1-0"]
[WhiteElo "2256"]
[BlackElo "2085"]
[PlyCount "73"]
[EventDate "2024.05.14"]
[EventType "swiss (blitz)"]
[EventRounds "11"]
[EventCountry "USA"]
[SourceTitle "EXT 2025"]
[Source "ChessBase"]
[SourceDate "2024.10.14"]
[SourceVersion "1"]
[SourceVersionDate "2024.10.14"]
[SourceQuality "1"]

1. d4 d5 2. c4 c6 3. Nf3 Nf6 4. Nc3 a6 5. cxd5 cxd5 6. Bg5 Ne4 7. Bh4 Nxc3 8. bxc3 Bg4 9. e3 Qa5 10. Qb3 Bxf3 11. gxf3 Nc6 12. Bd3 e6 13. 0-0 b5 14. a4 b4 15. c4 dxc4 16. Bxc4 Be7 17. Bxe7 Nxe7 18. Rab1 Qg5+ 19. Kh1 0-0 20. Rg1 Qf5 21. Be2 a5 22. e4 Qf4 23. Qd3 Ng6 24. Rg4 Qd6 25. Rbg1 Rfd8 26. e5 Qd5 27. h4 Kh8 28. Qe3 Rg8 29. h5 Ne7 30. Bd3 Nf5 31. Qf4 Rad8 32. Bxf5 exf5 33. Qxf5 b3 34. h6 f6 35. hxg7+ Rxg7 36. Rxg7 Qxf3+ 37. Qxf3 1-0

[Event "Titled Tuesday intern op 26th Oct"]
[Site "Chess.com INT"]
[Date "2021.10.26"]
[Round "5"]
[White "Gvanceladze, Anna"]
[Black "Rodrigues, Afonso"]
[Result "1-0"]
[WhiteElo "2196"]
[BlackElo "2085"]
[PlyCount "43"]
[EventDate "2021.10.26"]
[EventType "swiss (blitz)"]
[EventRounds "11"]
[EventCountry "USA"]
[SourceTitle "CBM 204 Extra"]
[Source "ChessBase"]
[SourceDate "2021.11.30"]
[SourceVersion "1"]
[SourceVersionDate "2021.11.30"]
[SourceQuality "1"]

1. e4 d5 2. exd5 Nf6 3. d4 Bg4 4. Be2 Bxe2 5. Nxe2 Qxd5 6. 0-0 Nc6 7. b3 0-0-0 8. c4 Qh5 9. Bb2 e6 10. Nd2 Bd6 11. Nf3 Ng4 12. h3 Nh6 13. Qd2 Nf5 14. Rad1 h6 15. Nf4 Bxf4 16. Qxf4 g5 17. Qg4 Qg6 18. d5 exd5 19. Bxh8 Rxh8 20. Rxd5 Nce7 21. Rxf5 Nxf5 22. Nd4 1-0

[Event "Titled Tuesday intern op 26th Oct"]
[Site "Chess.com INT"]
[Date "2021.10.26"]
[Round "2"]
[White "Rodrigues, Afonso"]
[Black "Stoyanov, Tsvetan"]
[Result "0-1"]
[WhiteElo "2085"]
[BlackElo "2396"]
[PlyCount "38"]
[EventDate "2021.10.26"]
[EventType "swiss (blitz)"]
[EventRounds "11"]
[EventCountry "USA"]
[SourceTitle "CBM 204 Extra"]
[Source "ChessBase"]
[SourceDate "2021.11.30"]
[SourceVersion "1"]
[SourceVersionDate "2021.11.30"]
[SourceQuality "1"]

1. d4 d5 2. c4 c6 3. Nc3 Nf6 4. e3 e6 5. Nf3 Nbd7 6. Qc2 Bd6 7. b3 Qe7 8. Be2 0-0 9. 0-0 e5 10. cxd5 cxd5 11. Nb5 e4 12. Nxd6 Qxd6 13. Ne5 Nxe5 14. dxe5 Qxe5 15. Bb2 Qg5 16. Rfd1 Bh3 17. Bf1 Bg4 18. Bxf6 Qxf6 19. Rxd5 Qxa1 0-1

[Event "Titled Tuesday intern op 19th Oct"]
[Site "Chess.com INT"]
[Date "2021.10.19"]
[Round "1"]
[White "Aldokhin, Ivan"]
[Black "Rodrigues, Afonso"]
[Result "1-0"]
[WhiteElo "2413"]
[BlackElo "2085"]
[PlyCount "77"]
[EventDate "2021.10.19"]
[EventType "swiss (blitz)"]
[EventRounds "11"]
[EventCountry "USA"]
[SourceTitle "CBM 204 Extra"]
[Source "ChessBase"]
[SourceDate "2021.11.30"]
[SourceVersion "1"]
[SourceVersionDate "2021.11.30"]
[SourceQuality "1"]

1. e4 d5 2. exd5 Nf6 3. Nc3 Nxd5 4. Nf3 Bg4 5. Bc4 e6 6. 0-0 c6 7. h3 Bh5 8. Ne4 Be7 9. Ng3 Bxf3 10. Qxf3 0-0 11. d4 Nd7 12. c3 N7f6 13. Bd2 Qb6 14. b3 Rfe8 15. Rfe1 c5 16. dxc5 Bxc5 17. Bf1 Rac8 18. b4 Be7 19. a3 Red8 20. c4 Nc7 21. Be3 Qc6 22. Qxc6 bxc6 23. Bxa7 c5 24. b5 Nd7 25. Red1 e5 26. Nf5 Bf8 27. b6 Ne6 28. b7 Rc7 29. Rxd7 Rcxd7 30. b8Q Rxb8 31. Bxb8 f6 32. g3 g6 33. Ne3 Nd4 34. Nd5 Kf7 35. a4 Rb7 36. Bc7 h5 37. a5 Ra7 38. Bb6 Ra6 39. Nc7 1-0

[Event "Titled Tuesday intern op 19th Oct"]
[Site "Chess.com INT"]
[Date "2021.10.19"]
[Round "4"]
[White "Rodrigues, Afonso"]
[Black "Bach, Ngoc Thuy Duong"]
[Result "0-1"]
[WhiteElo "2085"]
[BlackElo "2198"]
[PlyCount "52"]
[EventDate "2021.10.19"]
[EventType "swiss (blitz)"]
[EventRounds "11"]
[EventCountry "USA"]
[SourceTitle "CBM 204 Extra"]
[Source "ChessBase"]
[SourceDate "2021.11.30"]
[SourceVersion "1"]
[SourceVersionDate "2021.11.30"]
[SourceQuality "1"]

1. d4 d5 2. c4 e6 3. Nc3 c6 4. e3 Nf6 5. Nf3 Nbd7 6. b3 b6 7. Qc2 Bb7 8. Bd3 Bd6 9. 0-0 0-0 10. Bb2 Rc8 11. Rad1 Qc7 12. e4 dxe4 13. Nxe4 Nxe4 14. Bxe4 h6 15. Rfe1 Rcd8 16. Qe2 Rfe8 17. Bb1 c5 18. dxc5 Bxc5 19. Ne5 Nf8 20. h3 Rxd1 21. Qxd1 Rd8 22. Qh5 Rd2 23. Bc3 Rxf2 24. Kh1 Bxg2+ 25. Kh2 Bf3+ 26. Kg3 Bxh5 0-1

[Event "Titled Tuesday intern op 12th May"]
[Site "Chess.com INT"]
[Date "2020.05.12"]
[Round "10"]
[White "Magallanes, Rey Jomar"]
[Black "Rodrigues, Afonso"]
[Result "0-1"]
[WhiteElo "2036"]
[BlackElo "2085"]
[PlyCount "96"]
[EventDate "2020.05.12"]
[EventType "swiss (blitz)"]
[EventRounds "10"]
[EventCountry "USA"]
[SourceTitle "EXT 2021"]
[Source "ChessBase"]
[SourceDate "2020.10.23"]
[SourceVersion "1"]
[SourceVersionDate "2020.10.23"]
[SourceQuality "1"]

1. e4 e6 2. d4 d5 3. Nc3 c5 4. e5 cxd4 5. Nce2 Nc6 6. f4 f6 7. Nf3 fxe5 8. fxe5 g6 9. Nexd4 Bg7 10. Bf4 Nge7 11. Bd3 0-0 12. Qd2 Nxd4 13. Nxd4 Nc6 14. Nf3 Qc7 15. 0-0-0 Nxe5 16. Nxe5 Bxe5 17. Bh6 Bg7 18. Rdf1 Bxh6 19. Qxh6 Qg7 20. Qg5 Bd7 21. h4 Rxf1+ 22. Rxf1 Rf8 23. Rh1 Qf6 24. Re1 Qf4+ 25. Kd1 Qxg5 26. hxg5 Rf2 27. Re2 Rxe2 28. Kxe2 e5 29. Ke3 Kf7 30. c4 Ke6 31. cxd5+ Kd6 32. Be4 Bf5 33. b4 b6 34. Kd3 a5 35. a3 Bg4 36. Ke3 Bd1 37. Kd2 Bb3 38. g3 Bxd5 39. Bd3 e4 40. Bc2 Ke5 41. Ke3 Kf5 42. Bd1 Kxg5 43. Kd4 Bc6 44. Ke5 h5 45. Kd6 Ba8 46. Kc7 h4 47. gxh4+ Kxh4 48. Kxb6 g5 0-1

[Event "Titled Tuesday intern op 21st April"]
[Site "Chess.com INT"]
[Date "2020.04.21"]
[Round "8"]
[White "Langner, Ladislav"]
[Black "Rodrigues, Afonso"]
[Result "1-0"]
[WhiteElo "2373"]
[BlackElo "2085"]
[PlyCount "63"]
[EventDate "2020.04.21"]
[EventType "swiss (blitz)"]
[EventRounds "10"]
[EventCountry "USA"]
[SourceTitle "EXT 2021"]
[Source "ChessBase"]
[SourceDate "2020.10.23"]
[SourceVersion "1"]
[SourceVersionDate "2020.10.23"]
[SourceQuality "1"]

1. e4 d5 2. exd5 Nf6 3. Nc3 Nxd5 4. Nf3 Bg4 5. Be2 e6 6. d4 Be7 7. 0-0 0-0 8. Ne4 Nd7 9. c4 N5f6 10. Ng3 c5 11. h3 Bxf3 12. Bxf3 cxd4 13. Qxd4 e5 14. Qc3 Qc7 15. Nf5 Rfe8 16. Nxe7+ Rxe7 17. Be3 e4 18. Be2 b6 19. Rfd1 Rd8 20. Qd2 Ree8 21. Bf4 Qc8 22. Qe3 Nc5 23. b3 Rxd1+ 24. Rxd1 Rd8 25. Bd6 Nd3 26. Ba3 Qf5 27. f3 Re8 28. fxe4 Rxe4 29. Qxd3 h6 30. Qf3 Rf4 31. Rd8+ Kh7 32. Bd3 1-0

[Event "Portuguese Masters"]
[Site "Cruz Quebrada"]
[Date "2019.08.14"]
[Round "2"]
[White "Rodrigues, Afonso"]
[Black "Rocha, Sergio MC"]
[Result "0-1"]
[WhiteElo "2134"]
[BlackElo "2353"]
[PlyCount "98"]
[EventDate "2019.08.13"]
[EventType "tourn"]
[EventRounds "9"]
[EventCountry "POR"]
[SourceTitle "CBM 191 Extra"]
[Source "ChessBase"]
[SourceDate "2019.09.30"]
[SourceVersion "1"]
[SourceVersionDate "2019.09.30"]
[SourceQuality "1"]

1. d4 Nf6 2. Bf4 g6 3. e3 Bg7 4. Nf3 0-0 5. Be2 d6 6. h3 Nfd7 7. 0-0 e5 8. Bh2 Nc6 9. c4 f5 10. Nc3 g5 11. dxe5 dxe5 12. a3 e4 13. Nd4 Nxd4 14. exd4 Nf6 15. Be5 Be6 16. Nb5 Rf7 17. d5 Bc8 18. Qd4 a6 19. Nc3 Qf8 20. c5 Nd7 21. Bxg7 Qxg7 22. Qxg7+ Kxg7 23. b4 Nf6 24. Rfd1 Bd7 25. d6 c6 26. Bc4 Rff8 27. a4 Rfe8 28. b5 Re5 29. bxa6 bxa6 30. Rab1 Rxc5 31. Rd4 a5 32. Rb7 Kg6 33. g4 Rd8 34. gxf5+ Bxf5 35. Kg2 h5 36. Nd1 Nd5 37. d7 Rxd7 38. Rxd7 Bxd7 39. Rxe4 Nf4+ 40. Kh2 Bxh3 41. Ne3 Bf5 42. Re8 Bd3 43. Bb3 Kf6 44. Rh8 Be4 45. Re8 Bd5 46. Bc2 Bf7 47. Rd8 Nd5 48. Bd3 Nxe3 49. fxe3 Rd5 0-1

[Event "Navalmoral op 18th"]
[Site "Navalmoral"]
[Date "2012.12.05"]
[Round "1"]
[White "Fedorchuk, Sergey A"]
[Black "Rodrigues, Afonso"]
[Result "1-0"]
[WhiteElo "2661"]
[BlackElo "2174"]
[PlyCount "49"]
[EventDate "2012.12.05"]
[EventType "swiss"]
[EventRounds "9"]
[EventCountry "ESP"]
[SourceTitle "CBM 151 Extra"]
[Source "ChessBase"]
[SourceDate "2012.12.18"]
[SourceVersion "1"]
[SourceVersionDate "2012.12.18"]
[SourceQuality "1"]

1. e4 e6 2. d4 d5 3. Nd2 Nf6 4. e5 Nfd7 5. Ngf3 c5 6. c3 Nc6 7. Bd3 f6 8. exf6 Qxf6 9. 0-0 Bd6 10. dxc5 Nxc5 11. Bc2 0-0 12. Nc4 Bxh2+ 13. Nxh2 dxc4 14. Bxh7+ Kxh7 15. Qh5+ Kg8 16. Qxc5 Qh4 17. f4 Rf5 18. Qxc4 Ne5 19. Nf3 Nxf3+ 20. Rxf3 Bd7 21. Be3 Rc8 22. Qe2 e5 23. Rd1 Rf7 24. Qf2 Qg4 25. fxe5 1-0

[Event "POR-ch qual"]
[Site "Amadora"]
[Date "2011.09.06"]
[Round "4"]
[White "Rodrigues, Afonso"]
[Black "Leite Oralova, Catarina"]
[Result "1-0"]
[WhiteElo "2138"]
[BlackElo "2165"]
[PlyCount "79"]
[EventDate "2011.09.03"]
[EventType "swiss"]
[EventRounds "9"]
[EventCountry "POR"]
[SourceTitle "CBM 144 Extra"]
[Source "ChessBase"]
[SourceDate "2011.10.28"]
[SourceVersion "1"]
[SourceVersionDate "2011.10.28"]
[SourceQuality "1"]

1. d4 d5 2. Nf3 c6 3. g3 Nf6 4. Bg2 g6 5. 0-0 Bg7 6. c4 0-0 7. Nc3 Na6 8. cxd5 cxd5 9. Bf4 Qb6 10. Ne5 Rd8 11. Na4 Qb5 12. e3 Bf5 13. Rc1 Rac8 14. Rxc8 Rxc8 15. Nc3 Qa5 16. Qb3 Nc7 17. Qxb7 Qb6 18. Qxb6 axb6 19. a3 Be6 20. Nc6 Bf8 21. Nb4 h6 22. Bxc7 Rxc7 23. Nbxd5 Nxd5 24. Nxd5 Rc2 25. Rb1 Bxd5 26. Bxd5 e6 27. Be4 Rc7 28. Kf1 Bd6 29. f4 g5 30. Ke2 f5 31. Bd3 b5 32. Kd1 b4 33. a4 gxf4 34. gxf4 Rg7 35. a5 b3 36. a6 Bb4 37. Bf1 Rc7 38. Rc1 Rg7 39. Ra1 Ra7 40. Bg2 1-0

[Event "POR-ch qual"]
[Site "Amadora"]
[Date "2011.09.05"]
[Round "3"]
[White "Rodrigues, Afonso"]
[Black "Pires, Emanuel Joao Robart"]
[Result "1-0"]
[WhiteElo "2138"]
[BlackElo "2043"]
[PlyCount "53"]
[EventDate "2011.09.03"]
[EventType "swiss"]
[EventRounds "9"]
[EventCountry "POR"]
[SourceTitle "CBM 144 Extra"]
[Source "ChessBase"]
[SourceDate "2011.10.28"]
[SourceVersion "1"]
[SourceVersionDate "2011.10.28"]
[SourceQuality "1"]

1. d4 Nf6 2. c4 e5 3. d5 Bc5 4. g3 d6 5. Bg2 0-0 6. Nf3 Ne4 7. 0-0 a5 8. Nfd2 Nxd2 9. Bxd2 f5 10. Nc3 Nd7 11. Na4 Ba7 12. Qe1 Nb6 13. Nxb6 Bxb6 14. b3 Qe8 15. Kh1 f4 16. gxf4 exf4 17. Bf3 Qe7 18. Bc3 Rf7 19. Rg1 Qh4 20. Bxg7 Rxg7 21. Rxg7+ Kxg7 22. Qc3+ Kf7 23. Rg1 Qh6 24. Qh8 Bxf2 25. Bh5+ Qxh5 26. Rg7+ Kf6 27. Rxh7+ 1-0